000 00858nam a2200229Ia 4500
001 17567
003 GE_BSU
008 181216s||||||||xx |||||||||||||| ||und||
040 _cGE_BSU
080 _a697(035.5)
100 _aЩекин,Р.В. Кореневский,С.М. Бен,Г.Е. и др.
245 _aСправочник по теплоснабжению и вентиляции. Книга первая: отопление и терлоснабжение.
245 _cРед. А.Г.Гриценко, К.В.Бегер.
250 _aИзд. 4-е, перер. и допол.
260 _aКиев.
260 _bБудiвельник.
260 _c1976.
300 _a416 стр. 22 см.
300 _e196 табл. 81 рис.
653 _aСправочник по теплоснабжению и вентиляции.
942 _cBK
999 _c50617
_d50617